Medical Sciences (Record no. 1249)

MARC details
000 -LEADER
fixed length control field 00517nam a22001937a 4500
003 - CONTROL NUMBER IDENTIFIER
control field OSt
005 - DATE AND TIME OF LATEST TRANSACTION
control field 20210427091921.0
008 - FIXED-LENGTH DATA ELEMENTS--GENERAL INFORMATION
fixed length control field 150325b xxu||||| |||| 00| 0 eng d
020 ## - INTERNATIONAL STANDARD BOOK NUMBER
International Standard Book Number 9780702026799
040 ## - CATALOGING SOURCE
Transcribing agency DNLM
082 ## - DEWEY DECIMAL CLASSIFICATION NUMBER
Classification number W100 M468n 2009
Item number M
245 ## - TITLE STATEMENT
Title Medical Sciences
260 ## - PUBLICATION, DISTRIBUTION, ETC. (IMPRINT)
Place of publication, distribution, etc. Edinburgh;
Name of publisher, distributor, etc. Saunders,
Date of publication, distribution, etc. 2009
300 ## - PHYSICAL DESCRIPTION
Extent vi,895p;
Other physical details col.ill
Dimensions 28cm
504 ## - BIBLIOGRAPHY, ETC. NOTE
Bibliography, etc Index included
650 ## - SUBJECT ADDED ENTRY--TOPICAL TERM
Topical term or geographic name as entry element Medical professional
9 (RLIN) 3347
700 ## - ADDED ENTRY--PERSONAL NAME
Personal name Editor Naish Jeannette, Revest Patricia
9 (RLIN) 3348
942 ## - ADDED ENTRY ELEMENTS (KOHA)
Source of classification or shelving scheme Other/Generic Classification Scheme
Koha item type Open Shelf
Holdings
Withdrawn status Lost status Source of classification or shelving scheme Damaged status Not for loan Home library Current library Date acquired Source of acquisition Inventory number Total Checkouts Full call number Barcode Date last seen Koha item type
    Other/Generic Classification Scheme     MUST Main Library MUST Main Library 25/03/2015 Donation 14/38497   W100 M468n 2009 2015-0639 25/03/2015 Open Shelf
    Other/Generic Classification Scheme     MUST Main Library MUST Main Library 18/07/2016 Donation 11/35522   W100 M468n 2009 2016-3273 18/07/2016 Open Shelf
    Other/Generic Classification Scheme     MUST Main Library MUST Main Library 18/08/2016 Donation 11/34824   W100 M468n 2009 2016-3749 18/08/2016 Open Shelf
    Other/Generic Classification Scheme     MUST Main Library MUST Main Library 27/04/2021 Donation 12/35676   W100 M468n 2009 2021-0446 27/04/2021 Open Shelf